000 01355nam a2200313 i 4500
001 bg
003 BPK
005 20200421152311.0
008 081028s1956 pl d |000 0 ruso
015 _aPB 1956/2751
040 _aWA N
_cBPK
041 0 _arus
_apol
080 _a69=161.1=162.1
080 _a62=161.1=162.1
080 _a(038)
245 0 0 _aSłownik inżynieryjno-budowlany rosyjsko-polski /
_cpod red. A. Zboińskiego ; [aut. L. Bar et al.].
260 _aWarszawa :
_bPaństwowe Wydawnictwa Techniczne,
_c1956.
300 _aXXVIII, [2], 583 s. ;
_c18 cm.
500 _aDruga k. tyt. ros. Kolumna w układzie dwuszpaltowym.
504 _aBibliogr. s. XV-XXVIII.
521 8 _aDla pracowników zatrudnionych w instytucjach i przedsiębiorstwach budownictwa lądowego i wodnego, pracowników służby inwestycji i zaopatrzenia, pracowników naukowych i uczących się, jako pomoc naukowa i zawodowa przy korzystaniu z radzieckiego piśmiennictwa i dokumentacji.
650 4 _aBudownictwo
_xterminologia.
650 4 _aTechnika
_xterminologia.
655 4 _aSłownik rosyjsko-polski
700 1 _aBar, Ludwik
_d(1906-1999).
_eAutor
700 1 _aZboiński, A.
_eRedakcja
856 _uhttp://koha.tu.koszalin.pl/cgi-bin/koha/opac-detail.pl?biblionumber=29670
_yKatalog online BPK
942 _2UKD
_cKS
999 _c29670
_d29670